|
|
|
|
| LEADER |
00735ngm a2200205 i 4500 |
| 001 |
eta3682 |
| 005 |
20211012135606.0 |
| 008 |
201019s2020 hu o 0|| hun d |
| 040 |
|
|
|a SZTE Elektronikus Tananyag Archívum
|b hun
|
| 041 |
|
|
|a hun
|
| 100 |
1 |
|
|a Berényi Zsolt
|
| 245 |
1 |
0 |
|a Gastrointestinalis radiológia
|h [elektronikus dokumentum] :
|b rectum /
|c Berényi Zsolt
|
| 246 |
1 |
0 |
|a Gastrointestinal radiology : Rectum
|h [elektronikus dokumentum]
|
| 260 |
|
|
|c 2020-10-10
|
| 516 |
|
|
|a Video
|
| 650 |
|
4 |
|a Orvos- és egészségtudomány
|
| 650 |
|
4 |
|a Klinikai orvostan
|
| 650 |
|
4 |
|a Radiológia, sugárgyógyászat és orvosi képalkotás
|
| 695 |
|
|
|a radiológia
|
| 856 |
4 |
0 |
|u https://eta.bibl.u-szeged.hu/3682/1/Rectum.mp4
|z Dokumentum-elérés
|